Obtížnější otázky větného rozboru /

Hlavní autor: Klimeš, Lumír, 1924-2010
Jazyk: Čeština
Vydáno: Plzeň : Pedagogická fakulta, 1985
Vydání: 4. přeprac. vyd.
Edice: Učební texty vysokých škol
Témata:
Fyzický popis: 101 s.
Knihy
Uloženo v:
LEADER 00757nam a22002172a 4500
001 000067607
003 CZ BrMZK
005 20020807090448.0
008 010907s1985 xr f cze d
040 |a BOA001  |b cze 
100 1 |a Klimeš, Lumír,  |d 1924-2010  |7 jk01060586 
245 1 0 |a Obtížnější otázky větného rozboru /  |c Lumír Klimeš 
250 |a 4. přeprac. vyd. 
260 |a Plzeň :  |b Pedagogická fakulta,  |c 1985 
300 |a 101 s. 
490 1 |a Učební texty vysokých škol 
830 0 |a Učební texty vysokých škol 
910 |a BOA001  |b PK-N-0025.751 
964 |a Čeština - rozbory větné - učebnice - školy vysoké 
990 |a BK 
996 7 |b 3119960709  |c PK-N-0025.751  |l MZK  |r Sklad / do 1 hodiny  |n 3  |w 000067607  |u 000010  |a 1  |e BOA001  |j MZK50  |s A